Multicultural diversity in the workplace for the tourism professional/ (Record no. 6662)

MARC details
000 -LEADER
fixed length control field 00778nam a22002297a 4500
003 - CONTROL NUMBER IDENTIFIER
control field OSt
005 - DATE AND TIME OF LATEST TRANSACTION
control field 20251201135610.0
008 - FIXED-LENGTH DATA ELEMENTS--GENERAL INFORMATION
fixed length control field 251201b |||||||| |||| 00| 0 eng d
020 ## - INTERNATIONAL STANDARD BOOK NUMBER
International Standard Book Number 978-621-04-0383-1
040 ## - CATALOGING SOURCE
Original cataloging agency DWC-Main lib
Transcribing agency OC
082 ## - DEWEY DECIMAL CLASSIFICATION NUMBER
Edition number First edition
Classification number Fil. 658.3008 A356m 2020
100 ## - MAIN ENTRY--PERSONAL NAME
Personal name Alcuaz, Vic
245 ## - TITLE STATEMENT
Title Multicultural diversity in the workplace for the tourism professional/
Statement of responsibility, etc. Vic Alcuaz
250 ## - EDITION STATEMENT
Edition statement First edition
260 ## - PUBLICATION, DISTRIBUTION, ETC.
Place of publication, distribution, etc. Manila, Philippines :
Name of publisher, distributor, etc. Rex Bookstore ,
Date of publication, distribution, etc. c2020.
300 ## - PHYSICAL DESCRIPTION
Extent 189 pages :
Other physical details illustrations ;
Dimensions 25cm.
504 ## - BIBLIOGRAPHY, ETC. NOTE
Bibliography, etc. note Includes index.
650 ## - SUBJECT ADDED ENTRY--TOPICAL TERM
Topical term or geographic name entry element 1. Diversity in the workplace
650 ## - SUBJECT ADDED ENTRY--TOPICAL TERM
Topical term or geographic name entry element 2. Multicultural education
700 ## - ADDED ENTRY--PERSONAL NAME
Personal name Ma. Christina G. Aquino
942 ## - ADDED ENTRY ELEMENTS (KOHA)
Source of classification or shelving scheme Dewey Decimal Classification
Koha item type Book-Filipiniana
Edition First edition
Call number prefix Fil.
Suppress in OPAC No
952 ## - LOCATION AND ITEM INFORMATION (KOHA)
--
952 ## - LOCATION AND ITEM INFORMATION (KOHA)
--
Holdings
Withdrawn status Lost status Source of classification or shelving scheme Damaged status Not for loan Home library Current library Shelving location Date acquired Source of acquisition Cost, normal purchase price Total Checkouts Full call number Barcode Date last seen Copy number Price effective from Koha item type Uniform Resource Identifier
    Dewey Decimal Classification     HM & Nursing Library HM & Nursing Library Filipiniana 05/06/2045 School Fund 375.00   Fil. 658.3008 A356m 2020 HMN52835 12/01/2025 c1 12/01/2025 BK - FIL
    Dewey Decimal Classification     HM & Nursing Library HM & Nursing Library Filipiniana 05/06/2045 School Fund 375.00   Fil. 658.3008 A356m 2020 HMN52836 12/01/2025 c2 12/01/2025 BK - FIL